Statistiques concernant Villes suisses les plus grandes en 1900

Cliquez ici pour prendre le quiz!

Statistiques générales

  • Ce quiz a été pris 297 fois
  • Le résultat moyen est 11 sur 24

Statistiques - réponses

HabitantsVille% Correct
364 227Berne
97%
459 437Genève
97%
1150 703Zurich
94%
546 732Lausanne
85%
2109 161Bâle
84%
1120 843Neuchâtel
65%
639 339Lucerne
61%
229 394Lugano
60%
1315 794Fribourg
59%
833 116Saint-Gall
58%
248 986Montreux-Châtelard
47%
1022 016Bienne
44%
2011 532
Coire
34%
1415 275
Schaffhouse
32%
1911 781Vevey
32%
2110 025Soleure
30%
922 335Winterthour
30%
735 968La Chaux-de-Fonds
29%
17
12 559Le Locle
12%
1513 497Herisau
8%
1811 872Les Eaux-Vives
5%
1219 667Plainpalais
4%
239 140Rorschach
2%
1612 590Tablat
2%

Distribution des résultats

Percentile par nombre de réponses

% des personnes avec chaque résultat

Votre développement - résultats

Vous n’avez pas pris ce quiz